000 01160nam2a2200301 4500
001 RU\NLR\BIBL_A\012599294
005 20250806202044.0
035 _a(NLR Aleph) 012599294
090 _a61725
_c61725
100 _a20250806 rusy50
101 0 _arus
102 _aRU
135 _acrcn 024anaba
200 0 _a1941, № 116 (8171) (20 мая)
210 _d1941
325 1 _aКопия доступна в электронной библиотеке РНБ
461 0 _1001RU\NLR\DIGIT\NP\000489
_12001#$aАрмавирский собеседник$v1941, № 116 (8171) (20 мая)
852 _aNLR
_jР513
856 0 _uhttps://vivaldi.nlr.ru/ap000066591/view
856 1 _uhttps://vivaldi.nlr.ru/ap000066591/cover
856 2 _uhttps://vivaldi.nlr.ru/ap000066591/text
901 _eГазеты
942 _cISSNP
945 _aРоссийская национальная библиотека
980 _aNB
980 _aBV
981 2 7 _a(27) Периодические издания
_b(27) Газеты